000 00287nam a22001337a 4500
008 171102b xxu||||| |||| 00| 0 eng d
020 _a9780324788075
041 _aeng
080 _28TH
_a33
100 _a59
101 _aSCH
245 _aE-BUSINESS
_cSCHNEIDER,G.P
942 _2udc
_cBK
999 _c37220
_d37220